Największe banki w Polsce - Statystyki

Ogólne statystyki
  • Ten quiz został rozwiązany 335 razy
  • Średni wynik to 5 z 10
Statystyki odpowiedzi
L.p. Aktywa Kraj właźciciela Nazwa % Poprawnych
1 361 Polska PKO BP
93%
4 192 Holandia ING Bank Śląski
80%
3 203 Hiszpania Santander Bank Polska
77%
5 190 Niemcy mBank
69%
2 233 Polska Pekao
59%
8 79 Polska Alior Bank
53%
6 119 Francja BNP Paribas
38%
7 103 Portugalia Bank Millennium
23%
10 48 Polska Getin Bank
20%
9 57 Niemcy Citi Handlowy
9%
Nie znaleziono quizów pasujących do podanych kryteriów
Rozkład punktacji
Procent ludzi z każdym wynikiem
Percentyl według liczby udzielonych odpowiedzi
Twoja historia wyników
Nie rozwiązałeś tego quizu